29 Mars 2025 | Personnages de Harry Potter par temps d'écran - Statistiques

Statistiques générales
  • Ce quiz a été pris 163 fois
  • Le résultat moyen est 18 sur 25
Statistiques - réponses
Minutes Character % Correct
539:15 Harry Potter
100%
205:00 Hermione Granger
98%
211:45 Ron Weasley
98%
77:15 Albus Dumbledore
97%
37:15 Lord Voldemort
95%
43:15 Severus Rogue
93%
28:45 Minerva McGonagall
90%
31:30 Drago Malfoy
89%
30:15 Ginny Weasley
87%
20:45 Sirius Black
86%
45:45 Rubeus Hagrid
84%
19:30 Fred Weasley
80%
20:00 George Weasley
79%
26:00 Remus Lupin
75%
15:15 Lucius Malfoy
74%
28:15 Neville Longbottom
74%
10:30 Bellatrix Lestrange
73%
17:15 Luna Lovegood
73%
11:15 Dobby
67%
15:45 Arthur Weasley
59%
16:00 Dolores Ombrage
55%
11:00 Vernon Dursley
44%
18:45 Horace Slughorn
26%
10:30 Gilderoy Lockhart
25%
16:15 Barty Croupton Jr.
15%
Aucun quiz correspondant
Distribution des résultats
% des personnes avec chaque résultat
Percentile par nombre de réponses
Votre historique - résultats
Vous n’avez pas pris ce quiz